[Event "Damhus-ch A"]
[Site "Rodovre"]
[Date "2013.10.22"]
[Round "7"]
[White "Klifoth, Kurt"]
[Black "Schousboe, Steen"]
[Result "1-0"]
[WhiteElo "2168"]
[BlackElo "1941"]
[PlyCount "53"]
[EventDate "2013.09.03"]
[EventType "tourn"]
[EventRounds "7"]
[EventCountry "DEN"]
[SourceTitle "EXT 2023"]
[Source "ChessBase"]
[SourceDate "2022.10.05"]
[SourceVersion "1"]
[SourceVersionDate "2022.10.05"]
[SourceQuality "1"]

1. e4 e6 2. d3 d5 3. Nd2 Nf6 4. g3 dxe4 5. dxe4 Nc6 6. Bg2 e5 7. Ngf3 Be7 8. 0-0 0-0 9. Qe2 Bg4 10. c3 Qc8 11. Nc4 Nd7 12. Ne3 Be6 13. b4 a6 14. Nf5 b5 15. Re1 Qe8 16. Ng5 Bxg5 17. Bxg5 f6 18. Be3 Rb8 19. a4 Ne7 20. axb5 axb5 21. Ra7 Nxf5 22. exf5 Bc4 23. Qg4 Qc8 24. Qe4 Nb6 25. Qc6 Rf7 26. Rd1 Na4 27. Rxa4 1-0

[Event "DEN-chT26 B2 corr"]
[Site "Denmark"]
[Date "2001.??.??"]
[Round "?"]
[White "Schousboe, Steen"]
[Black "Madsen, Ole Rysgaard"]
[Result "1-0"]
[WhiteElo "2057"]
[BlackElo "1912"]
[PlyCount "33"]
[EventDate "2001.03.12"]
[EventType "team (corr)"]
[EventRounds "6"]
[EventCountry "DEN"]
[SourceTitle "Corr 2004"]
[Source "ChessBase"]
[SourceDate "2003.04.28"]
[SourceVersion "3"]
[SourceVersionDate "2003.04.28"]
[SourceQuality "1"]

1. Nf3 d5 2. c4 c6 3. b3 Nf6 4. g3 Qb6 5. Qc2 Bg4 6. Bg2 Nbd7 7. Bb2 e6 8. Nc3 Bd6 9. 0-0 0-0 10. d4 Bf5 11. Qc1 Qc7 12. Nh4 Bg4 13. f3 Bh5 14. e4 Bb4 15. cxd5 Bxc3 16. Qxc3 exd5 17. e5 1-0

[Event "DEN-chT26 B2 corr"]
[Site "Denmark"]
[Date "2001.??.??"]
[Round "?"]
[White "Winther, Christian"]
[Black "Schousboe, Steen"]
[Result "0-1"]
[WhiteElo "1900"]
[BlackElo "2057"]
[PlyCount "32"]
[EventDate "2001.03.12"]
[EventType "team (corr)"]
[EventRounds "6"]
[EventCountry "DEN"]
[SourceTitle "Corr 2004"]
[Source "ChessBase"]
[SourceDate "2003.04.28"]
[SourceVersion "3"]
[SourceVersionDate "2003.04.28"]
[SourceQuality "1"]

1. e4 e5 2. Bc4 Nf6 3. d4 exd4 4. Nf3 Nxe4 5. Qxd4 Nf6 6. Bg5 Be7 7. Nc3 Nc6 8. Qh4 d6 9. 0-0-0 Be6 10. Rhe1 Bxc4 11. Qxc4 0-0 12. Bxf6 Bxf6 13. Nd5 Rc8 14. Kb1 Nb8 15. Qb5 b6 16. Qa4 a5 0-1